<?xml version="1.0" encoding="UTF-8"?><?xml-stylesheet type="text/xsl" href="static/style.xsl"?><OAI-PMH xmlns="http://www.openarchives.org/OAI/2.0/" xmlns:xsi="http://www.w3.org/2001/XMLSchema-instance" xsi:schemaLocation="http://www.openarchives.org/OAI/2.0/ http://www.openarchives.org/OAI/2.0/OAI-PMH.xsd"><responseDate>2026-04-13T06:45:17Z</responseDate><request verb="GetRecord" identifier="oai:www.recercat.cat:10459.1/48418" metadataPrefix="marc">https://recercat.cat/oai/request</request><GetRecord><record><header><identifier>oai:recercat.cat:10459.1/48418</identifier><datestamp>2024-12-05T21:33:08Z</datestamp><setSpec>com_2072_3622</setSpec><setSpec>col_2072_479130</setSpec></header><metadata><record xmlns="http://www.loc.gov/MARC21/slim" xmlns:dcterms="http://purl.org/dc/terms/" xmlns:xsi="http://www.w3.org/2001/XMLSchema-instance" xmlns:doc="http://www.lyncode.com/xoai" xsi:schemaLocation="http://www.loc.gov/MARC21/slim http://www.loc.gov/standards/marcxml/schema/MARC21slim.xsd">
   <leader>00925njm 22002777a 4500</leader>
   <datafield ind2=" " ind1=" " tag="042">
      <subfield code="a">dc</subfield>
   </datafield>
   <datafield ind2=" " ind1=" " tag="720">
      <subfield code="a">Matias, Ana C.</subfield>
      <subfield code="e">author</subfield>
   </datafield>
   <datafield ind2=" " ind1=" " tag="720">
      <subfield code="a">Marinho, H. Susana</subfield>
      <subfield code="e">author</subfield>
   </datafield>
   <datafield ind2=" " ind1=" " tag="720">
      <subfield code="a">Cyrne, Luísa</subfield>
      <subfield code="e">author</subfield>
   </datafield>
   <datafield ind2=" " ind1=" " tag="720">
      <subfield code="a">Herrero Perpiñán, Enrique</subfield>
      <subfield code="e">author</subfield>
   </datafield>
   <datafield ind2=" " ind1=" " tag="720">
      <subfield code="a">Antunes, Fernando</subfield>
      <subfield code="e">author</subfield>
   </datafield>
   <datafield ind2=" " ind1=" " tag="260">
      <subfield code="c">2015-07-07T10:39:31Z</subfield>
   </datafield>
   <datafield ind2=" " ind1=" " tag="260">
      <subfield code="c">2025-01-01</subfield>
   </datafield>
   <datafield ind2=" " ind1=" " tag="260">
      <subfield code="c">2011</subfield>
   </datafield>
   <datafield ind2=" " ind1=" " tag="520">
      <subfield code="a">Taking into account published contradictory results concerning the regulation of fatty acid synthase (Fas)&#xd;
by H2O2, we carried out a systematic study where two methods of H2O2 delivery (steady-state and bolus&#xd;
addition) and the effect of a wide range of H2O2 concentrations were investigated. A decrease in Fas activity&#xd;
was observed for cells exposed to 100 and 150 lMH2O2 in a steady-state, while a bolus addition of the&#xd;
same H2O2 concentrations did not alter Fas activity. Similar results were observed for the mRNA levels of&#xd;
FAS1, the gene that encodes Fas subunit b. However, the exposure to a steady-state 50 lMH2O2 dose lead&#xd;
to an increase in FAS1 mRNA levels, showing a biphasic modulation of Fas by H2O2. The results obtained&#xd;
emphasize that cellular effects of H2O2 can vary over a narrow range of concentrations. Therefore, a tight&#xd;
control of H2O2 exposure, which can be achieved by exposing H2O2 in a steady-state, is important for cellular&#xd;
studies of H2O2-dependent redox regulation.</subfield>
   </datafield>
   <datafield ind1="8" ind2=" " tag="024">
      <subfield code="a">http://hdl.handle.net/10459.1/48418</subfield>
   </datafield>
   <datafield tag="653" ind2=" " ind1=" ">
      <subfield code="a">H2O2</subfield>
   </datafield>
   <datafield tag="653" ind2=" " ind1=" ">
      <subfield code="a">Adaptation</subfield>
   </datafield>
   <datafield tag="653" ind2=" " ind1=" ">
      <subfield code="a">Fatty acid synthase</subfield>
   </datafield>
   <datafield ind2="0" ind1="0" tag="245">
      <subfield code="a">Biphasic modulation of fatty acid synthase by hydrogen peroxide in Saccharomyces cerevisiae</subfield>
   </datafield>
</record></metadata></record></GetRecord></OAI-PMH>